Claves de la innovación en América Latina y el Caribe

Saved in:
Bibliografiske detaljer
Main Authors: Rodríguez Herrera, Adolfo (Author), Alvarado Ugarte, Hernán (Author)
Format: Bog
Sprog:spansk
Udgivet: Santiago Naciones Unidas 2008
Serier:ColecciónLibros de la Cepal, 101
Fag:
Tags: Tilføj Tag
Ingen Tags, Vær først til at tagge denne postø!

MARC

LEADER 00000nam a2200000 a 4500
001 UCH0131
003 CL-VaPUC
008 090108e20080000CL |||||||||||||||||spa|d
020 |a 9789213232248 
082 0 4 |a 303.4  |b ROD  |2 21 
100 0 |a Rodríguez Herrera, Adolfo  |e author  |9 534239 
700 0 |a Alvarado Ugarte, Hernán  |e author  |9 534240 
245 1 0 |a Claves de la innovación en América Latina y el Caribe 
300 |a 227 p 
942 |c BK 
945 |d 20090108 00:00:00  |a jtorresc 
260 |a Santiago  |b Naciones Unidas  |c 2008 
650 0 |a Cambio social   |9 256857 
650 0 |a Políticas públicas  |9 309677 
650 0 |a Gestión pública  |9 388888 
651 0 |a América Latina   |9 255027 
651 0 |a El Caribe  |9 341255 
583 |a last modification  |c 20160914 12:00:21  |k Rodrigo Vera 
490 0 |a ColecciónLibros de la Cepal, 101 
999 |c 332508  |d 332506 
952 |0 0  |1 0  |4 0  |6 303_400000000000000_ROD_2008  |7 0  |8 A  |9 420285  |a BIBGIM  |b BIBGIM  |d 2019-11-22  |i 451145K  |o 303.4 ROD 2008  |p 451145K  |r 2025-01-15  |w 2019-11-22  |y BK  |k SSL